Countries NOT Signatories of the Ottawa Treaty - Statistics

General Stats
  • This quiz has been taken 13 times
  • The average score is 22 of 33
Answer Stats
Answer % Correct
Israel
100%
North Korea
100%
United States
100%
China
91%
Egypt
91%
Iran
91%
Russia
91%
Saudi Arabia
91%
Syria
91%
India
82%
Libya
82%
Pakistan
82%
Vietnam
82%
Azerbaijan
73%
Cuba
73%
Georgia
73%
Laos
73%
Myanmar
73%
South Korea
73%
United Arab Emirates
73%
Armenia
64%
Bahrain
64%
Lebanon
64%
Morocco
64%
Nepal
64%
Mongolia
55%
Kazakhstan
45%
Kyrgyzstan
45%
Uzbekistan
45%
Singapore
18%
(F.S.) Micronesia
9%
Marshall Islands
9%
Tonga
0%
No matching quizzes found
Score Distribution
Percent of People with Each Score
Percentile by Number Answered
Your Score History
You have not taken this quiz